000 01278nam a2200313 a 4500
001 1099180
003 ARRUPE
005 20150414144007.0
008 920921r19921900enkc b 000 0deng
010 _a 92217985
_z 92204176
040 _aDLC
_cDLC
_dDLC
043 _ae-uk-en
050 0 0 _aB1386
_b.L4 1992
082 0 0 _a192
_220
100 1 _aShaftesbury, Anthony Ashley Cooper,
_cEarl of,
_d1671-1713.
_917053
245 1 4 _aThe life, unpublished letters, and philosophical regimen of Anthony, Earl of Shaftesbury /
_cedited by Benjamin Rand.
260 _aLondon :
_bForgotton Books
_c2012
300 _axxxi, 535 p. :
_bport. ;
_c23 cm.
440 0 _aBritish philosophy.
_p17th and 18th century British philosophy
_917054
500 _aOriginally published: London : S. Sonnenschein ; New York : Macmillan, 1900.
504 _aIncludes bibliographical references.
600 1 0 _aShaftesbury, Anthony Ashley Cooper,
_cEarl of,
_d1671-1713
_xCorrespondence.
_917055
650 0 _aPhilosophy
_xEarly works to 1800.
_917056
650 0 _aPhilosophers
_zEngland
_xCorrespondence.
_917057
700 1 _aRand, Benjamin,
_d1856-1934.
_917058
906 _a7
_bcbc
_corignew
_d2
_encip
_f19
_gy-gencatlg
942 _2lcc
_cMONOGRAPH
999 _c122620
_d122620